000 00891nam a22002417a 4500
999 _c18971
_d18971
003 AR-CdUCM
008 190516b ||||| |||| 00| 0 spa d
040 _aMUNICIPALIDAD PROVINCIAL DEL CUSCO
_cBIBLIOTECA MUNICIPAL DEL CUSCO
082 _a637 /
_bH18
100 _aHall, H. S.
_939938
245 _aProyecto de fabricas lecheras /
260 _aRoma :
_bFao,
_c1994.
300 _a166 páginas ;
_bDiagramas,
_c24 cm.
440 _aEstudios agropecuarios
_n59
_939939
505 _aContenido: Características especiales de la industria lechera -- Planeamiento -- Puntos generales que deben considerarse al proyectar el establecimiento industrial...
650 _aIndustria
_94386
650 _aEmpresas lecheras
_939940
650 _aTuberías
_921141
700 _aRosén, Yngve
_939941
700 _aBlombergsson, Helge
_939942
942 _2ddc
_cLIBROS
945 _adavv
_d2019-05.16